Statistics for Every Bobbie Gentry song that hit the Billboard hot 100

Click here to take the quiz!

General Stats

  • This quiz has been taken 4 times
  • The average score is 1 of 10

Answer Stats

Peak Chart PositionYearSong% Correct
651976Ode To Billy Joe - Main Title
75%
11967Ode To Billie Joe
50%
271970All I Have To Do Is Dream
0%
311970Fancy
0%
361969Let It Be Me
0%
541967Okolona River Bottom Band
0%
711970He Made A Woman Out Of Me
0%
741968Mornin' Glory
0%
811970Apartment 21
0%
1001968Louisiana Man
0%

Score Distribution

Percentile by Number Answered

Percent of People with Each Score

Your Score History

You have not taken this quiz